Soda Stereo - ¡Muerte Subita! - Estadísticas

Estadísticas generales
  • Esta prueba ha sido intentada 96 veces
  • La puntuación promedio es 13 de 20
Answers on the Grid
Answers color-coded by a green-red scale on the quiz's grid according to % correct below.
Persiana Americana
Signos
Pronta Entrega
Luna Roja
De Música Ligera
Sobredosis de TV
Imágenes Paganas
Tele-Ka
Demoliendo Hoteles
Fanky
Zoom
Nada Personal
Cementerio Club
Imágenes Retro
Los Viejos Vinagres
Prófugos
Ana No Duerme
No Existes
En La Ciudad De La Furia
Texturas
Música Para Pastillas
Corazón Delator
Ángel Electrico
Hombre Al Agua
Esa Estrella Era Mi Lujo
Té Para Tres
Cae El Sol
Primavera 0
Disco Eterno
Himno De Mi Corazón
 
Estadísticas de respuestas
Respuesta % Correcto
De Música Ligera
90%
Persiana Americana
88%
Signos
80%
Sobredosis de TV
80%
En La Ciudad De La Furia
78%
Prófugos
78%
Nada Personal
75%
Zoom
68%
Corazón Delator
65%
Té Para Tres
65%
Hombre Al Agua
60%
Luna Roja
60%
Primavera 0
60%
Ángel Electrico
55%
Disco Eterno
52%
Tele-Ka
50%
Imágenes Retro
48%
No Existes
48%
Cae El Sol
47%
Texturas
47%
No se encontraron pruebas coincidentes
Distribución de puntuación
Porcentaje de gente con cada puntuación
Porcentaje por número respondido
Historial de tus puntuaciones
No has intentado esta prueba.